Statistics for Sonic the Hedgehog Trivia!!

Click here to take the quiz!

General Stats

  • This quiz has been taken 450 times
    (447 since last reset)
  • The average score is 9 of 10

Answer Stats

QuestionAnswer% Correct
Who is the main character?Sonic
100%
Who is the main character's sidekick?Tails
98%
What is the main character's special ability?Super Speed
97%
Who is the Hedgehog from the future?Silver
96%
Who is the red Echidna?Knuckles
88%
Who is the guardian of the sol emeralds?Blaze
87%
Who is the shark from the Archie Comics that owns a pet Chao named Crusher?Razor
84%
Who is the guardian of the chaos emeralds?Chaos
83%
Who is the leader of the Deadly Six?Zavok
81%
Who is the orange member of the Deadly Six?Zomon
53%

Score Distribution

Percentile by Number Answered

Percent of People with Each Score

Your Score History

You have not taken this quiz since the last reset